| Tag |
First Indicator |
Second Indicator |
Subfields |
| LEADER |
00000cam a2200000 4500 |
| 001 |
in00001908165 |
| 006 |
m | d | |
| 007 |
cr |n||||||||n |
| 008 |
810811s1786 ie |||| s 00||||eng d |
| 005 |
20260406220037.8 |
| 035 |
|
|
|a (CStRLIN)ESTCT127160
|
| 040 |
|
|
|a Uk-ES
|c Uk-ES
|d CStRLIN
|d Thomson Gale
|d UtOrBLW
|
| 100 |
1 |
|
|a Home, John,
|d 1722-1808.
|
| 245 |
1 |
0 |
|a Douglas :
|b a tragedy. As it is acted at the theatres in Great Britain and Ireland. By the Rev. Mr. Hume. ...
|
| 264 |
|
3 |
|a Newry :
|b printed by R. Stevenson,
|c 1786.
|
| 300 |
|
|
|a 62, 2 unnumbered pages ;
|c 12⁰.
|
| 336 |
|
|
|a text
|b txt
|2 rdacontent
|
| 337 |
|
|
|a computer
|b c
|2 rdamedia
|
| 338 |
|
|
|a online resource
|b cr
|2 rdacarrier
|
| 500 |
|
|
|a With a final epilogue leaf.
|
| 500 |
|
|
|a Reproduction of original from the British Library.
|
| 510 |
4 |
|
|a English Short Title Catalog,
|c ESTCT127160.
|
| 533 |
|
|
|a Electronic reproduction.
|b Farmington Hills, Mich. :
|c Thomson Gale,
|d 2003.
|n Available via the World Wide Web.
|n Access limited by licensing agreements
|7 s2003 miunns
|
| 500 |
|
|
|a Electronic resource.
|
| 830 |
|
0 |
|a Eighteenth century collections online.
|
| 856 |
4 |
0 |
|u http://proxy.library.tamu.edu/login?url=https://galenet.galegroup.com/servlet/ECCO?c=1&stp=Author&ste=11&af=BN&ae=T127160&tiPG=1&dd=0&dc=flc&docNum=CW111524641&vrsn=1.0&srchtp=a&d4=0.33&n=10&SU=0LRK&locID=txshracd2898
|z Full text online
|t 0
|
| 999 |
|
|
|a MARS
|
| 999 |
f |
f |
|s 477a14e9-d691-3ee1-85d7-8e6b6339daa5
|i 1d597b4e-7b28-34f9-8cd4-c167379e50cb
|t 0
|
| 952 |
f |
f |
|a Texas A&M University
|b College Station
|c Electronic Resources
|s www_evans
|d Available Online
|t 0
|h No information provided
|
| 998 |
f |
f |
|t 0
|l Available Online
|